00843nam a2200217 a 450000100100000000500170001000800410002702000150006804000250008308200150010810000250012324501340014826000730028230000110035544000350036650000310040150000400043265000260047295201120049899900150061000000541420251202090015.0090819s1992 es 001 spa d a8400072642 aDO-SdBNPbspacBNPHU a016bR763b1 aRomero, Elena91536510aBibliografía analítica de ediciones de coplas sefardíes /cElena Romero, Iacob M. Hassan y Leonor Carracedo; colaboradores. aMadrid, :bConsejo Superior de Investigaciones Científicas,c1992. a190 p. 0aEstudios sefardíesv5915366 aIncluye tabla de contenido aIncluye referencia bibliográficas 0aBibliografía 97838 001050718MOaGRbGRcHDd2009-08-19iLF1l0o016 R763bp5414-10r2020-06-25w2020-06-25y1ZNo se presta c5214d5214